| 000 | 00836nam a2200265 a 4500 | ||
|---|---|---|---|
| 003 | AR-BaBNM | ||
| 005 | 20251128203421.0 | ||
| 008 | 082120s2002 ||||||||||||||000 | spa|| | ||
| 040 | _cAR-BaBNM | ||
| 100 | 1 | _aEchegaray, Eduardo de | |
| 245 | 0 | 0 |
_aDiccionario general etimológico de la lengua española _bC-D _n2 |
| 260 |
_aMadrid _bFaquineto _c1887 |
||
| 300 | _a904 p. | ||
| 500 | _aEdición económica arreglada del Diccionario etimológico de D. Roque Barcia, del de la Academia Española y de otros trabajos importantes de sabios etimologistas | ||
| 650 | 4 | _aDICCIONARIOS | |
| 650 | 4 | _aESPAÑOL | |
| 650 | 4 | _aETIMOLOGIA | |
| 650 | 4 | _aLINGÜISTICA | |
| 650 | 4 | _aLINGÜISTICA COMPARATIVA Y DIACRONICA | |
| 650 | 4 | _aFILOLOGIA | |
| 650 | 4 | _aCAMBIO LINGÜISTICO | |
| 655 | _aREFERENCIA | ||
| 942 | _cBK | ||
| 998 | _claura | ||
| 999 |
_c3293 _d3293 |
||